| 000 | 00793nam a22002657a 4500 | ||
|---|---|---|---|
| 001 | 200462934 | ||
| 003 | TR-AnTOB | ||
| 005 | 20241106105128.0 | ||
| 008 | 241106b tu ||||| |||| 00| 0 tur d | ||
| 020 | _a9783711401526 | ||
| 040 |
_aTR-AnTOB _beng _erda _cTR-AnTOB |
||
| 041 |
_aeng _beng |
||
| 092 |
_a823.2 _bDOY 2023 |
||
| 100 | 1 |
_aDoyle, Arthur Conan, _d1859-1930 _9119022 |
|
| 245 |
_aSherlock holmes and the stolen jewels A1 / _cArthur Conan,Doyle. |
||
| 264 |
_aLondon : _bHebling readers ; _c2023. |
||
| 300 |
_a96 Pages : _bill. ; _c21 cm. |
||
| 336 |
_atext _btxt _2rdacontent |
||
| 337 |
_aunmediated _bn _2rdamedia |
||
| 338 |
_avolume _bnc _2rdacarrier |
||
| 653 | _aİngilizce okuma kitapları | ||
| 942 |
_2ddc _cBK |
||
| 999 |
_c200462934 _d81146 |
||